ZERO TO MASTERY IN PYTHON PROGRAMMING (Record no. 1222337)

MARC details
000 -LEADER
fixed length control field 00508nam a2200181Ia 4500
008 - FIXED-LENGTH DATA ELEMENTS--GENERAL INFORMATION
fixed length control field 260601s2022 xx 000 0 und d
020 ## - INTERNATIONAL STANDARD BOOK NUMBER
International Standard Book Number 978-93-89769-36-4
041 ## - LANGUAGE CODE
Language code of text/sound track or separate title eng
082 ## - DEWEY DECIMAL CLASSIFICATION NUMBER
Classification number 005.133/YAD
100 ## - MAIN ENTRY--PERSONAL NAME
Personal name YADAV RAKESH.K
245 ## - TITLE STATEMENT
Title ZERO TO MASTERY IN PYTHON PROGRAMMING
Remainder of title BEGINNER ADVANCED GUIDE TO PRACTICALS
250 ## - EDITION STATEMENT
Edition statement 2nd ed
260 ## - PUBLICATION, DISTRIBUTION, ETC.
Place of publication, distribution, etc. NEW DELHI
Name of publisher, distributor, etc. VAYU EDUCTAION OF INDIA
Date of publication, distribution, etc. 2022
300 ## - PHYSICAL DESCRIPTION
Extent P.B,XVII,243
650 ## - SUBJECT ADDED ENTRY--TOPICAL TERM
Topical term or geographic name entry element MBA
700 ## - ADDED ENTRY--PERSONAL NAME
Personal name ARUKANDA SRINIVAS
700 ## - ADDED ENTRY--PERSONAL NAME
Personal name SINGH MANU
Holdings
Withdrawn status Lost status Damaged status Not for loan Home library Current library Date acquired Source of acquisition Cost, normal purchase price Total Checkouts Full call number Barcode Date last seen Price effective from Koha item type
        Institute of Management, Kolhapur Institute of Management, Kolhapur 23/12/2025 BHARATI MADYHAVARTI SAHAKARI GRAHAK BHANDAR LTD.PUNE 495.00   005.133/YAD MCK-15673 02/06/2026 02/06/2026 Reference Books
        Institute of Management, Kolhapur Institute of Management, Kolhapur 23/12/2025 BHARATI MADYHAVARTI SAHAKARI GRAHAK BHANDAR LTD.PUNE 495.00   005.133/YAD MCK-15674 02/06/2026 02/06/2026 Book